Darts WM 2026 - Achtelfinale - Statistiken

Allgemein
  • Dieses Quiz wurde 100 mal gespielt
  • Das Durchschnittsergebnis liegt bei 11 aus 16
Antwortstatistiken
Match - Match % Korrekt
Luke Littler - .
100%
Luke Humphries -
96%
Michael van Gerwen -
93%
Gary Anderson -
90%
Gian van Veen -
90%
Ryan Searle -
83%
Justin Hood -
71%
Rob Cross -
71%
Jonny Clayton -
69%
Josh Rock -
64%
Krzysztof Ratajski -
57%
Andreas Harrysson -
46%
Charlie Manby -
40%
Kevin Doets -
40%
Luke Woodhouse -
38%
James Hurrell -
33%
Keine übereinstimmenden Quizze gefunden
Verteilung der Resultate
Anzahl Personen mit jedem Resultat
Perzentil nach korrekt beantworteten Fragen
Ihre Resultats-Entwicklung
Sie haben dieses Quiz noch nicht gespielt